| 000 | 00887nam a2200241 a 4500 | ||
|---|---|---|---|
| 001 | 000084600 | ||
| 003 | AM-YEHGA | ||
| 005 | 20250618080030.0 | ||
| 008 | 980202s1962 |||| |||||||||| | rus c | ||
| 040 | _aAM-YeHGA | ||
| 041 | 1 |
_arus _heng |
|
| 100 | 1 | _aСноу, Чарльз Перси | |
| 245 | 1 | 0 |
_aДело : _bРоман : Пер. с англ. / _cЧарльз Сноу ; Пер. с англ. В. Ефановой. Предисл. С.С. Смирнова ; Худ. Г. Клодт. |
| 246 | 1 | 5 | _aThe affair |
| 260 |
_aМосква : _bХудож. лит, _c1962. |
||
| 300 | _a383 с. | ||
| 650 | 1 | 4 |
_aХудожественная литература _94918 |
| 700 | 1 |
_aЕфанова, В. _eпер. _4trl |
|
| 700 | 1 | _aКлодт, Г. | |
| 700 | 1 |
_aСмирнова, С.С. _eавт. предисл. _4aui |
|
| 700 | 1 |
_aКлодт, Г _eхудож. _4art |
|
| 090 | _c525003 | ||
| 999 |
_c521422 _d521422 |
||